UM Logo

Get to grips with competition karate : (Record no. 8075)

MARC details
000 -LEADER
fixed length control field 00595nam a2200169 4500
008 - FIXED-LENGTH DATA ELEMENTS--GENERAL INFORMATION
fixed length control field 171212b xxu||||| |||| 00| 0 eng d
020 ## - INTERNATIONAL STANDARD BOOK NUMBER
International Standard Book Number 9780706375404
082 ## - DEWEY DECIMAL CLASSIFICATION NUMBER
Edition number 1997
Classification number DC 796.8153
Item number Ev1
100 ## - MAIN ENTRY--PERSONAL NAME
9 (RLIN) 24947
Personal name Evans, Bryan, author.
245 ## - TITLE STATEMENT
Title Get to grips with competition karate :
Remainder of title a guide to training for competition /
Statement of responsibility, etc. Bryan Evans; Ronnie Christopher.
260 ## - PUBLICATION, DISTRIBUTION, ETC. (IMPRINT)
Place of publication, distribution, etc. London :
Name of publisher, distributor, etc. Ward Lock, cop.,
Date of publication, distribution, etc. ©1997.
300 ## - PHYSICAL DESCRIPTION
Extent 80 pages. :
Other physical details ilustrations. ;
Dimensions 23 cm.
500 ## - GENERAL NOTE
General note Includes index.
650 #0 - SUBJECT ADDED ENTRY--TOPICAL TERM
9 (RLIN) 24949
Topical term or geographic name as entry element Karate
700 ## - ADDED ENTRY--PERSONAL NAME
9 (RLIN) 24948
Personal name Christopher, Ronnie, author.
942 ## - ADDED ENTRY ELEMENTS (KOHA)
Source of classification or shelving scheme Dewey Decimal Classification
Koha item type Circulation
Holdings
Withdrawn status Lost status Source of classification or shelving scheme Damaged status Not for loan Collection code Home library Current library Date acquired Source of acquisition Total Checkouts Full call number Barcode Date last seen Price effective from Koha item type
    Dewey Decimal Classification     Circulation UM Digos College - LIC UM Digos College - LIC 09/29/2003 Purchased   DC 796.8153 Ev1 1997 16031 05/15/2025 12/12/2017 Circulation